000
00272 a2200121 4500
001
154111
040
_c
Escola São Tomás de Aquino
240
1
0
_a
Saraiva júnior
_l
por
245
1
0
_a
Saraiva júnior
362
0
_a
2008
697
_a
Dicionário de português
942
_c
BK
999
_c
154111
_d
154111